Clients Preference and Profitability Analysis on Car Wash In Digos City. (Record no. 6358)
[ view plain ]
| 000 -LEADER | |
|---|---|
| fixed length control field | 00630nam a22001577a 4500 |
| 008 - FIXED-LENGTH DATA ELEMENTS--GENERAL INFORMATION | |
| fixed length control field | 170308b xxu||||| |||| 00| 0 eng d |
| 082 ## - DEWEY DECIMAL CLASSIFICATION NUMBER | |
| Edition number | 2016 |
| Classification number | UT 0684 |
| Item number | L11 |
| 100 ## - MAIN ENTRY--PERSONAL NAME | |
| 9 (RLIN) | 19110 |
| Personal name | Labajo, Xenia Claire M. |
| 245 ## - TITLE STATEMENT | |
| Title | Clients Preference and Profitability Analysis on Car Wash In Digos City. |
| Statement of responsibility, etc. | Xenia Claire M. Labajo, Emmylou E. Vergara and Kint Joy E. Pecundo. |
| 300 ## - PHYSICAL DESCRIPTION | |
| Extent | 50 pages; |
| Other physical details | 29 cm. |
| 650 #0 - SUBJECT ADDED ENTRY--TOPICAL TERM | |
| 9 (RLIN) | 19111 |
| Topical term or geographic name as entry element | Business Administration |
| Form subdivision | Financial Management |
| General subdivision | Undergraduate Thesis. |
| 700 ## - ADDED ENTRY--PERSONAL NAME | |
| 9 (RLIN) | 19112 |
| Personal name | Labajo, Xenia Claire M. |
| 700 ## - ADDED ENTRY--PERSONAL NAME | |
| 9 (RLIN) | 19113 |
| Personal name | Vergara, Emmylou E. |
| 700 ## - ADDED ENTRY--PERSONAL NAME | |
| 9 (RLIN) | 19114 |
| Personal name | Pecundo, Kint Joy E. |
| 942 ## - ADDED ENTRY ELEMENTS (KOHA) | |
| Source of classification or shelving scheme | Dewey Decimal Classification |
| Koha item type | Undergraduate Thesis |
| Withdrawn status | Lost status | Source of classification or shelving scheme | Damaged status | Not for loan | Home library | Current library | Date acquired | Total Checkouts | Full call number | Barcode | Date last seen | Price effective from | Koha item type |
|---|---|---|---|---|---|---|---|---|---|---|---|---|---|
| Dewey Decimal Classification | UM Digos College - LIC | UM Digos College - LIC | 11/07/2016 | UT 0684 L11 2016 | UT0684 | 03/08/2017 | 03/08/2017 | Undergraduate Thesis |
